000
00212 a2200097 4500
001
10521
100
_a
Loney, S L
245
_a
Elements of coordinate geometry.
260
_a
_b
Macmillan
_c
090
_c
8136
_d
8136
942
_a
NUST-CAE
_c
M
_c
34863
999
_c
245594
_d
245594